[Event "Commonwealth-ch"]
[Site "Chennai"]
[Date "2012.11.24"]
[Round "3"]
[White "Augustin, A."]
[Black "Senador, Emmanuel"]
[Result "0-1"]
[WhiteElo "2013"]
[BlackElo "2348"]
[PlyCount "104"]
[EventDate "2012.11.23"]
[EventType "swiss"]
[EventRounds "11"]
[EventCountry "IND"]
[SourceTitle "CBM 151 Extra"]
[Source "ChessBase"]
[SourceDate "2012.12.18"]
[SourceVersion "1"]
[SourceVersionDate "2012.12.18"]
[SourceQuality "1"]

1. e4 e5 2. Nf3 Nc6 3. Bb5 a6 4. Ba4 Nf6 5. Bxc6 dxc6 6. d3 Bd6 7. Nbd2 0-0 8. Nc4 Nd7 9. 0-0 c5 10. a4 b6 11. c3 Re8 12. Qe2 Nf8 13. h3 Ng6 14. Rd1 h6 15. d4 cxd4 16. cxd4 exd4 17. Rxd4 Bb7 18. Bd2 Re6 19. Rd1 Qe8 20. Nxd6 cxd6 21. Be3 Rxe4 22. Rxe4 Qxe4 23. Rxd6 Qxa4 24. Rxb6 Qe4 25. Qd1 Re8 26. Qd7 Re7 27. Qd4 Qb1+ 28. Kh2 Kh7 29. Qg4 Qc2 30. Qg3 a5 31. b3 Bd5 32. Rb5 Qe4 33. Rxa5 Bxb3 34. Rh5 Qb7 35. Nd4 Bd1 36. Rb5 Qd7 37. Rc5 Qb7 38. h4 Qe4 39. Nf5 Re5 40. Nd6 Qb4 41. Rxe5 Qxd6 42. Rc5 Qd3 43. h5 Nf8 44. Rc8 Ne6 45. Qb8 Bxh5 46. Rh8+ Kg6 47. Qg3+ Kf5 48. Ra8 Qd5 49. Bb6 Qxa8 50. Qh3+ Bg4 51. Qd3+ Qe4 52. Qg3 Qf4 0-1